000 00565nam a2200181 i 4500
001 90530
003 ES-MaACL
005 20230906180453.0
007 t|
008 050121s1957 it ||||1| ita d
100 1 _aLecaldano, Paolo.
_971044
245 1 2 _aI grandi maestri della pittura italiana del quattrocento /
_ca cura di Paolo Lecaldano.
260 _a[Milano] :
_bRizzoli,
_c[1957]
300 _a8 h., 85 lám. ;
_c34 cm.
650 4 _aPintura renacentista-
_zItalia.
_916077
852 _aES-MaACL
_jC-14405
_bR.42893
852 _aES-MaACL
_jL-458
_bR.42225
999 _c90530
_d90530